| 000 | 00678pam a2200181 a 4500 | ||
|---|---|---|---|
| 999 |
_c5455 _d5455 |
||
| 020 | _a0256140642 | ||
| 050 | 0 | 0 |
_aHF5718 _b.L63 |
| 100 | 1 | _aLocker, Kitty O. | |
| 245 | 1 | 0 |
_aBusiness and administrative communication / _cKitty O. Locker. |
| 250 | _a3rd ed. | ||
| 260 |
_aChicago : _bIrwin, _c1995. |
||
| 300 |
_axviii, 696 p. : _bill. (some col.), maps (some col.) ; _c27 cm. |
||
| 500 | _a"Quick reference" on [2] p. inserted. | ||
| 505 | _aThe building blocks of effective messages -- Letters and memos -- Interpersonal communication -- Reports -- Job hunting -- Appendixes. | ||
| 650 | 0 | _aBusiness communication. | |
| 650 | 0 | _aCommunication in management. | |
| 942 | _cBK | ||